| 000 -ლიდერი |
| ფიქსირებული სიგრძის საკონტროლო ველი |
02283nam a2200313Ia 4500 |
| 001 - საკონტროლო ნომერი |
| საკონტროლო ველი |
20741 |
| 003 - საკონტროლო ნომრის იდენტიფიკატორი |
| საკონტროლო ველი |
GE_BSU |
| 005 - ბოლო ოპერაციის თარიღი და დრო |
| საკონტროლო ველი |
20210322123656.0 |
| 008 - ფიქსირებული სიგრძის მონაცემთა ელემენტები - ზოგადი ინფორმაცია |
| ფიქსირებული სიგრძის საკონტროლო ველი |
181216s2017||||ge |||||||||||||| ||geo|| |
| 020 ## - წიგნის საერთაშორისო სტანდარტული ნომერი |
| International Standard Book Number |
9771987591003 |
| 040 ## - კატალოგიზაციის წყარო |
| Transcribing agency |
GE_BSU |
| 041 ## - ენის კოდი |
| Language code of text/sound track or separate title |
geo |
| 080 ## - უნივერსალური ათობითი კლასიფიკაციის ინდექსი |
| Universal Decimal Classification number |
378.4(479.22)(063) ჩ-55 |
| 245 ## - ცნობა სათაურის შესახებ |
| Title |
ჩვენი სულიერების ბალავარი : საერთაშორისო სამეცნიერო კონფერენციის მასალები ბათუმი 15-16 ივნისი IX : |
| Remainder of title |
კრებული / |
| Statement of responsibility, etc |
მთ. რედ. ბიჭიკო დიასამიძე ; ტომის რედ. მანუჩარ ლორია ; სარედ. საბჭო მიტროპოლიტი ანანია (ჯაფარიძე), გურამ ლორთქიფანიძე და სხვა. |
| 260 ## - გამოქვეყნების, გავრცელების, და სხვა. ცნობები |
| Place of publication, distribution, etc |
თბილისი |
| 260 ## - გამოქვეყნების, გავრცელების, და სხვა. ცნობები |
| Name of publisher, distributor, etc |
უნივერსალი |
| 260 ## - გამოქვეყნების, გავრცელების, და სხვა. ცნობები |
| Date of publication, distribution, etc |
2017 |
| 300 ## - ფიზიკური აღწერა |
| Extent |
533გვ. ; 20სმ. |
| 504 ## - BIBLIOGRAPHY, ETC. NOTE |
| Bibliography, etc |
ბიბლიოგრაფია ტექსტების ბოლოს |
| 546 ## - LANGUAGE NOTE |
| Language note |
პარალელური სათაური ინგლისურ ენაზე |
| 653 ## - INDEX TERM--UNCONTROLLED |
| Uncontrolled term |
კრებული |
| 653 ## - INDEX TERM--UNCONTROLLED |
| Uncontrolled term |
ჩვენი სულიერების ბალავარი |
| 653 ## - INDEX TERM--UNCONTROLLED |
| Uncontrolled term |
საერთაშორისო სამეცნიერო კონფერენციის მასალები 15-16 ივნისი IX |
| 700 ## - ADDED ENTRY--PERSONAL NAME |
| Personal name |
დიასამიძე, ბიჭიკო |
| Relator term |
მთავარი რედაქტორი |
| 9 (RLIN) |
10595 |
| 700 ## - ADDED ENTRY--PERSONAL NAME |
| Personal name |
ლორია, მანუჩარ |
| Relator term |
ტომის რედაქტორი |
| 9 (RLIN) |
2194 |
| 710 ## - ADDED ENTRY--CORPORATE NAME |
| Corporate name or jurisdiction name as entry element |
ბათუმის შოთა რუსთაველის სახელმწიფო უნივერსიტეტი |
| Subordinate unit |
ნიკო ბერძენიშვილის ინსტიტუტის ისტორიისა და არქეოლოგიის განყოფილება |
| Relator term |
ქრისტიანული კულტურის კვლევის ცენტრი |
| 9 (RLIN) |
10596 |
| 942 ## - ADDED ENTRY ELEMENTS (KOHA) |
| Koha item type |
წიგნი |
| Source of classification or shelving scheme |
|